• 首页
  • 本馆介绍
  • 公告通知
  • 最新文献
  • 馆藏检索
  • 电子资源
  • 读者导购
  • 参考咨询
  • 我的图书馆
  • 登录
  • 详细信息显示
  • 放入我的书架
  • 预约/预借图书
  • 作者相关作品
  • 分类相关作品
  • 丛书相关作品
  • 出版社相关作品

书目信息

  • 表格格式
  • 工作单格式
  • 卡片格式
题名:
九型人格
    
 
作者: 普赖斯 , 丹尼尔斯 著 ;程艮 译
分册:  
出版信息: 北京   中信出版社  2012
页数: 15,174页
开本: 21cm
丛书名:
单 册:
中图分类: B848-49
科图分类:
主题词: 人格心理学--通俗读物 , 人格心理学
电子资源:
ISBN: 978-7-5086-3552-1
000 01476nam0 2200313 45
001 515
005 20130605090026.14
010    @a978-7-5086-3552-1@dCNY29.00
100    @a20130509d2012 em y0chiy50 ea
101 1  @achi@ceng
102    @aCN@b110000
105    @aa z 000yy
106    @ar
200 1  @a九型人格@AJiu Xing Ren Ge@e自我发现与提升手册@EZi Wo Fa Xian Yu Ti Sheng Shou Ce@e插图版@ECha Tu Ban@f(美)戴维·丹尼尔斯(David N. Daniels), (美)弗吉尼亚·普赖斯(Virginia Price)著@F( Mei ) Dai Wei· Dan Ni Er Si (David N. Daniels), ( Mei ) Fu Ji Ni Ya· Pu Lai Si (Virginia Price) Zhu@g程艮译
205    @a5版
210    @a北京@c中信出版社@d2012
215    @a15,174页@d21cm
312    @a书名原文:The essential enneagram: the definitive personality test and self-discovery guide
330    @a本书介绍了九型人格的“五步测试法”,九型人格理论将人类与生俱来的性格概括为九种类型——完美主义者、给予者、实干者、浪漫主义者、观察者、怀疑论者、享乐者、保护者和调停者。
510 1  @aEssential enneagram@ethe definitive personality test and self-discovery guide@zeng
517 1  @a自我发现与提升手册@AZi Wo Fa Xian Yu Ti Sheng Shou Ce
606 0  @a人格心理学@j通俗读物
606 0  @a人格心理学
690    @aB848-49@v5
701  0 @c(美)@a普赖斯@APu Lai Si@c(Price, Virginia)@4著
701  0 @c(美)@a丹尼尔斯@ADan Ni Er Si@c(Daniels, David N.)@4著
702  0 @a程艮@ACheng Gen@4译
801    @aCN@bTANGWEI@c20130522
905    @b0834572-74@dB848-49@e1197=5@f3
    
    九型人格:自我发现与提升手册:插图版/(美)戴维·丹尼尔斯(David N. Daniels), (美)弗吉尼亚·普赖斯(Virginia Price)著/程艮译.-5版.-北京:中信出版社,2012
    15,174页;21cm
    
    
    ISBN 978-7-5086-3552-1:CNY29.00
    本书介绍了九型人格的“五步测试法”,九型人格理论将人类与生俱来的性格概括为九种类型——完美主义者、给予者、实干者、浪漫主义者、观察者、怀疑论者、享乐者、保护者和调停者。
●
相关链接 在E读中查询图书 在五车中查询图书 在当当中查询图书 在豆瓣中查询图书


正题名:九型人格     索取号:B848-49/1197=5         预约/预借

序号 登录号 条形码 馆藏地/架位号 状态 备注
1 0834572   208345726   第一样本阅览室/ [索取号:B848-49/1197=5] 在馆    
2 0834573   208345735   第一借阅区/ [索取号:B848-49/1197=5] 在馆    
3 0834574   208345744   第一借阅区/ [索取号:B848-49/1197=5] 在馆    
唐山师范学院图书馆 欢迎您!
大连网信软件有限公司© 版权所有